000 00332 a2200109 4500
001 ART_3500
005 20260410161715.0
008 260409a
245 1 0 _aSalarios e inflación en América Latina
100 1 _aFrenkel, Roberto
773 0 _tDesarrollo económico
_g- Vol. 25, Nº 100 (ene./mar. 1986)
_wREV1174
999 _c16447
_d16447